[Event "Loire-ch op 0405"]
[Site "Loire"]
[Date "2004.10.16"]
[Round "1"]
[White "Conesa, Antoine"]
[Black "Gidrol, Thibault"]
[Result "1-0"]
[WhiteElo "1500"]
[BlackElo "1310"]
[PlyCount "127"]
[EventDate "2004.10.16"]
[EventType "swiss"]
[EventRounds "9"]
[EventCountry "FRA"]
[SourceTitle "EXT 2008"]
[Source "ChessBase"]
[SourceDate "2007.11.25"]
[SourceVersion "1"]
[SourceVersionDate "2007.11.25"]
[SourceQuality "1"]

1. e4 e5 2. Nf3 Nc6 3. c4 Nf6 4. Nc3 d6 5. d3 h6 6. Be2 Be7 7. h3 0-0 8. a3 Bd7 9. b4 Nd4 10. Be3 Nxe2 11. Nxe2 a6 12. d4 c5 13. dxc5 dxc5 14. bxc5 Qa5+ 15. Qd2 Qxd2+ 16. Nxd2 Rac8 17. Rb1 Bxc5 18. Bxc5 Rxc5 19. Rxb7 Bc6 20. Rc7 Ne8 21. Rc8 Nd6 22. Rxf8+ Kxf8 23. Ng3 Nxc4 24. Nxc4 Rxc4 25. 0-0 Bxe4 26. Re1 Bg6 27. Rxe5 Rc1+ 28. Kh2 f6 29. Re6 a5 30. h4 Rc3 31. h5 Bf7 32. Re3 Rc2 33. f3 Ra2 34. Rc3 Be8 35. Nf5 Ba4 36. Rc8+ Kf7 37. Rc7+ Ke6 38. Nxg7+ Kd6 39. Rc3 Bd1 40. Rd3+ Ke7 41. Rxd1 Rxa3 42. Nf5+ Ke6 43. Nxh6 Ra4 44. Ng4 f5 45. Re1+ Kf7 46. Ne3 Rh4+ 47. Kg1 a4 48. Nxf5 Rxh5 49. g4 Rh3 50. Kg2 Rh8 51. Re7+ Kf6 52. Ra7 Rb8 53. Rxa4 Rb2+ 54. Kg3 Rb1 55. Rf4 Rg1+ 56. Kf2 Rh1 57. Ng3+ Kg5 58. Rf5+ Kg6 59. Nxh1 Kg7 60. Ke3 Kg6 61. Kf4 Kg7 62. Kg5 Kg8 63. Kg6 Kh8 64. Rf8# 1-0

[Event "Loire-ch op"]
[Site "Loire"]
[Date "2004.05.15"]
[Round "8"]
[White "Bruyas, Benjamin"]
[Black "Conesa, Antoine"]
[Result "0-1"]
[WhiteElo "1310"]
[BlackElo "1320"]
[PlyCount "54"]
[EventDate "2004.01.10"]
[EventType "swiss"]
[EventRounds "9"]
[EventCountry "FRA"]
[SourceTitle "EXT 2008"]
[Source "ChessBase"]
[SourceDate "2007.11.25"]
[SourceVersion "1"]
[SourceVersionDate "2007.11.25"]
[SourceQuality "1"]

1. Nf3 Nc6 2. d4 d5 3. b3 e6 4. c4 Bb4+ 5. Bd2 Be7 6. g3 Bf6 7. Bf4 Nge7 8. Nc3 Nf5 9. e3 a6 10. Qd2 Bd7 11. Bg2 g5 12. Be5 Rg8 13. Bxf6 Qxf6 14. 0-0 h5 15. cxd5 Nce7 16. Ne5 0-0-0 17. dxe6 fxe6 18. Na4 Bb5 19. Rac1 Qxe5 20. Nb6+ Kb8 21. Nc4 Qg7 22. Rfd1 Bc6 23. Bxc6 Nxc6 24. e4 Nfxd4 25. Kh1 Qf6 26. Qc3 e5 27. Ne3 Qf3+ 0-1

[Event "Loire-ch op"]
[Site "Loire"]
[Date "2004.03.20"]
[Round "5"]
[White "Gidrol, Thibault"]
[Black "Conesa, Antoine"]
[Result "1-0"]
[WhiteElo "1440"]
[BlackElo "1320"]
[PlyCount "93"]
[EventDate "2004.01.10"]
[EventType "swiss"]
[EventRounds "9"]
[EventCountry "FRA"]
[SourceTitle "EXT 2008"]
[Source "ChessBase"]
[SourceDate "2007.11.25"]
[SourceVersion "1"]
[SourceVersionDate "2007.11.25"]
[SourceQuality "1"]

1. e4 e6 2. d4 c5 3. Nf3 Nc6 4. Be3 d5 5. e5 c4 6. Nc3 Nge7 7. Be2 Nf5 8. 0-0 Nxe3 9. fxe3 Be7 10. e4 dxe4 11. Nxe4 b5 12. Qd2 Bb7 13. c3 Qc7 14. Nfg5 Rd8 15. Nxf7 Nxe5 16. Nxh8 Bxe4 17. Qf4 Bf5 18. dxe5 Rd5 19. b3 Qc5+ 20. Kh1 Rxe5 21. b4 Qd6 22. Rae1 g5 23. Qc1 Bf6 24. Bh5+ Kf8 25. Rxe5 Bxh8 26. Rxb5 Be5 27. Rd1 Qe7 28. Bf3 Bf4 29. Qa3 Bd3 30. g3 Bd6 31. Rb7 Qf6 32. Rxd3 cxd3 33. Qxa7 Qxf3+ 34. Kg1 Qd1+ 35. Kg2 Qe2+ 36. Kh3 g4+ 37. Kh4 Qxh2+ 38. Kg5 Qd2+ 39. Kf6 Qxc3+ 40. Kg5 Qe5+ 41. Kh4 Qxg3+ 42. Kh5 Qh3+ 43. Kg5 h6+ 44. Kg6 Qg3 45. Qa8+ Bb8 46. Rxb8+ Qxb8 47. Qxb8+ 1-0

[Event "Loire-ch op"]
[Site "Loire"]
[Date "2004.01.10"]
[Round "2"]
[White "Conesa, Antoine"]
[Black "Veyrat, Gerard"]
[Result "1-0"]
[WhiteElo "1320"]
[BlackElo "1210"]
[PlyCount "87"]
[EventDate "2004.01.10"]
[EventType "swiss"]
[EventRounds "9"]
[EventCountry "FRA"]
[SourceTitle "EXT 2008"]
[Source "ChessBase"]
[SourceDate "2007.11.25"]
[SourceVersion "1"]
[SourceVersionDate "2007.11.25"]
[SourceQuality "1"]

1. e4 e5 2. Nf3 d6 3. Bc4 Nc6 4. a3 Nf6 5. d3 d5 6. exd5 Nxd5 7. 0-0 Be6 8. Re1 Bd6 9. b4 0-0 10. Bb2 Qf6 11. Nbd2 Qg6 12. Ne4 f6 13. d4 Nf4 14. Bxe6+ Kh8 15. Nh4 Qh6 16. Nf5 Qg6 17. Nfg3 Nxe6 18. Bc1 Ncxd4 19. c3 Nb5 20. a4 Nxc3 21. Nxc3 Bxb4 22. Bd2 Rad8 23. Nge4 Nf4 24. Qf3 Rd3 25. Re3 Rxe3 26. Bxe3 Bxc3 27. Nxc3 Rd8 28. Bxf4 exf4 29. Qxf4 c6 30. h3 Qf7 31. Ne2 a5 32. Ng3 c5 33. Nf5 g6 34. Nh6 Qe7 35. Qc4 Qf8 36. Nf7+ Kg7 37. Nxd8 Qxd8 38. Qxc5 b6 39. Qc1 Qd6 40. Ra2 h5 41. Rc2 g5 42. Rc7+ Kg6 43. Qc2+ Kh6 44. Qh7# 1-0

[Event "Loire-ch op"]
[Site "Loire"]
[Date "2002.05.25"]
[Round "7"]
[White "Langlade, Remi"]
[Black "Conesa, Antoine"]
[Result "0-1"]
[WhiteElo "1499"]
[BlackElo "1380"]
[PlyCount "56"]
[EventDate "2001.02.??"]
[EventType "swiss"]
[EventRounds "9"]
[EventCountry "FRA"]
[SourceTitle "EXT 2008"]
[Source "ChessBase"]
[SourceDate "2007.11.25"]
[SourceVersion "1"]
[SourceVersionDate "2007.11.25"]
[SourceQuality "1"]

1. e4 Nc6 2. Nc3 Nf6 3. Nf3 e5 4. Bc4 h6 5. d3 Bb4 6. a3 Bxc3+ 7. bxc3 0-0 8. d4 Nxe4 9. Nxe5 Nxe5 10. dxe5 Nxc3 11. Qd3 Na4 12. Qg3 g5 13. h4 d5 14. hxg5 Bf5 15. gxh6+ Bg6 16. h7+ Kh8 17. Bg5 f6 18. Bxf6+ Rxf6 19. exf6 Qxf6 20. Rc1 Re8+ 21. Kf1 dxc4 22. Rh6 Re6 23. Qxc7 Bd3+ 24. cxd3 Qxh6 25. Qd8+ Kxh7 26. Qd7+ Kg8 27. f3 Qxc1+ 28. Kf2 Qe1# 0-1

[Event "Loire-ch op"]
[Site "Loire"]
[Date "2002.04.27"]
[Round "5"]
[White "Bruyas, Benjamin"]
[Black "Conesa, Antoine"]
[Result "0-1"]
[WhiteElo "1210"]
[BlackElo "1410"]
[PlyCount "46"]
[EventDate "2001.02.??"]
[EventType "swiss"]
[EventRounds "9"]
[EventCountry "FRA"]
[SourceTitle "EXT 2008"]
[Source "ChessBase"]
[SourceDate "2007.11.25"]
[SourceVersion "1"]
[SourceVersionDate "2007.11.25"]
[SourceQuality "1"]

1. Nf3 e6 2. c4 c5 3. b3 Qf6 4. Nc3 b6 5. g3 Bb7 6. Bg2 Nc6 7. 0-0 Rb8 8. e3 Bd6 9. Bb2 Nb4 10. Rb1 e5 11. Nb5 a6 12. Nxd6+ Qxd6 13. a3 Nd3 14. Bc3 a5 15. Qc2 e4 16. Bxg7 exf3 17. Bh1 Nf6 18. Bxh8 Ke7 19. Bg7 Ng4 20. Qc3 Rg8 21. Bd4 Be4 22. Bxf3 cxd4 23. Bxe4 dxc3 0-1